书目信息 |
| 题名: |
漫话青少年守法
|
|
| 作者: | 王洪才 著 | |
| 分册: | ||
| 出版信息: | 北京 群众出版社 1981 |
|
| 页数: | 118页 | |
| 开本: | 19cm | |
| 丛书名: | ||
| 单 册: | ||
| 中图分类: | D920.5 , D90 | |
| 科图分类: | ||
| 主题词: | 青少年教育:法制教育--中国 , 法制教育:青少年教育--中国 , 法的理论 , 法学 | |
| 电子资源: | ||
| ISBN: | ||
| 000 | 00690nam0 2200265 45 | |
| 001 | 1546701512 | |
| 005 | 20150128111530.56 | |
| 010 | @dCNY0.28 | |
| 091 | @aCN@b3067.142 | |
| 100 | @a19950523d1981 em y0chiy0121 ea | |
| 101 | 0 | @achi |
| 102 | @aCN@b110000 | |
| 105 | @ay z 000yy | |
| 200 | 10 | @a漫话青少年守法@Aman hua qing shao nian shou fa@f王洪才著 |
| 210 | @a北京@c群众出版社@d1981 | |
| 215 | @a118页@d19cm | |
| 606 | @a青少年教育:法制教育@y中国 | |
| 606 | @a法制教育:青少年教育@y中国 | |
| 606 | 0 | @a法的理论 |
| 606 | 0 | @a法学 |
| 690 | @aD920.5@v3 | |
| 690 | @aD90@v4 | |
| 701 | 0 | @a王洪才@Awang hong cai@4著 |
| 801 | 0 | @aCN@bTSSF@c20150128 |
| 905 | @aZUCC@dD90@eJY22 | |
| 漫话青少年守法/王洪才著.-北京:群众出版社,1981 |
| 118页;19cm |
| ISBN :CNY0.28 |
| ● |
| 相关链接 |
|
|
|
|
正题名:漫话青少年守法
索取号:D90/JY22
 
预约/预借
| 序号 | 登录号 | 条形码 | 馆藏地/架位号 | 状态 | 备注 |
| 1 | 7840779 | 278407797 | 学院路分馆/ [索取号:D90/JY22] | 在馆 |